ڈاکٹر فرمان فتح پوری : (Record no. 106468)

MARC details
000 -LEADER
fixed length control field 00921nam a22002537a 4500
005 - DATE AND TIME OF LATEST TRANSACTION
control field 20170123162312.0
010 ## - LIBRARY OF CONGRESS CONTROL NUMBER
LC control number B-123411
020 ## - INTERNATIONAL STANDARD BOOK NUMBER
Terms of availability 300.00
International Standard Book Number 8181880293
035 ## - SYSTEM CONTROL NUMBER
System control number B-123411
037 ## - SOURCE OF ACQUISITION
Source of stock number/acquisition Cen Lib/Ret
040 ## - CATALOGING SOURCE
Original cataloging agency DPL
Language of cataloging UR
082 ## - DEWEY DECIMAL CLASSIFICATION NUMBER
Classification number 840.8
Item number ف ر م
100 ## - MAIN ENTRY--PERSONAL NAME
Personal name سلیم اختر
9 (RLIN) 112120
245 ## - TITLE STATEMENT
Title ڈاکٹر فرمان فتح پوری :
Statement of responsibility, etc سلیم اختر
Remainder of title ایک جہت نما صاحب قلم /
246 ## - VARYING FORM OF TITLE
Title proper/short title Doctor Farman Fateh Puri : ek jahat numa sahibe qalam /
Remainder of title by Saleem Akhatar
260 ## - PUBLICATION, DISTRIBUTION, ETC. (IMPRINT)
Name of publisher, distributor, etc اقف بک ڈپو
Place of publication, distribution, etc نیی دہلی
Date of publication, distribution, etc 2005
270 ## - ADDRESS
Address 3243, کچہ تاراچند دریاگنج
City نیی دہلی
Postal code 110002
300 ## - PHYSICAL DESCRIPTION
Extent 199p.
Dimensions 21cm(Hb)
650 ## - SUBJECT ADDED ENTRY--TOPICAL TERM
Topical term or geographic name as entry element اردو ادب
9 (RLIN) 112121
650 ## - SUBJECT ADDED ENTRY--TOPICAL TERM
Topical term or geographic name as entry element اردو سوانح عمری
9 (RLIN) 112122
650 ## - SUBJECT ADDED ENTRY--TOPICAL TERM
Topical term or geographic name as entry element Urdu literature
9 (RLIN) 112123
650 ## - SUBJECT ADDED ENTRY--TOPICAL TERM
Topical term or geographic name as entry element Urdu biography
9 (RLIN) 511
942 ## - ADDED ENTRY ELEMENTS (KOHA)
Source of classification or shelving scheme Dewey Decimal Classification
Koha item type Urdu Bks
Classification part 840.8
Call number suffix ف ر م
Holdings
Withdrawn status Lost status Damaged status Not for loan Home library Current library Date acquired Source of acquisition Cost, normal purchase price Total Checkouts Full call number Barcode Date last seen Copy number Cost, replacement price Price effective from Koha item type
        Central Library Central Library 21/12/2015 Cen Lib/Ret 300.00   840.8 ف ر م B-123411 21/12/2015 1 300.00 21/12/2015 Urdu Bks

© Delhi Public Library
Hit Counter
free hit counter